000 00942cam a22001694a 4500
005 20250605163653.0
008 250528s ||||||||||||||||||||||||d
035 _a23976
040 _aGR-AtMCL
_bgre
_dGR-AtMCL
_eAACR2
245 1 _aSupply Chain and Logistics / Το Περιοδικό για την Εφοδιαστική Αλυσίδα
260 _bParametros Group
_bScl Magazine,
_c2020
300 _a96
520 _aΝέα Εποχή για Εναλλακτικά Καύσιμα και Ηλεκτρονική στις Οδικές Μεταφορές, Ποιοί Παράγοντες Συνθέτουν Επιτυχημένα Agrologistics, Τα Συμπεράσματα του Διευνούς Συνεδρίου της IRU στο Λονδίνο, Πόσο Επηρεάζει ο Κοροναϊός τις Διεθνείς Εφοδιαστικές Αλυσίδες.
942 _cCR
999 _c8887
_d8887